[Event "29. Erfurter Schachfestival 2019 - Meis"]
[Site "Erfurt"]
[Date "2019.12.27"]
[Round "2.8"]
[White "Strache, Michael"]
[Black "Schulte, Felix"]
[Result "1-0"]
[WhiteElo "2301"]
[BlackElo "2126"]
[Annotator "Kohlstädt,Jürgen"]
[PlyCount "139"]
[EventDate "2019.12.26"]

1. c4 c5 2. Nc3 Nf6 3. g3 d5 4. cxd5 Nxd5 5. Bg2 Nc7 6. Qa4+ Qd7 7. Qxd7+ Nxd7
8. d3 e5 9. Nf3 Be7 10. Be3 O-O 11. Rc1 Rb8 12. O-O b6 13. Nd2 Bb7 14. Bh3 Rbd8
15. Nc4 Ne6 16. Bxe6 fxe6 17. f3 Bd5 18. b3 Bf6 19. a3 Rc8 20. g4 Nb8 21. Ne4
Nc6 22. Nxf6+ gxf6 23. Kf2 Nd4 24. b4 Rfd8 25. g5 Bxc4 26. Rxc4 cxb4 27. Rxb4
Nc2 28. Ra4 Nxe3 29. Kxe3 a5 30. Rb1 Rc6 31. gxf6 Kf7 32. Rh4 Kxf6 33. Rxh7 Rg8
34. Ke4 Rg2 35. Rb2 Rc5 36. Rh6+ Ke7 37. f4 exf4 38. Kf3 Rg1 39. Rxb6 Re5 40.
d4 Re3+ 41. Kxf4 Rxe2 42. d5 Rf1+ 43. Kg3 Re3+ 44. Kg2 Rfe1 45. Rbxe6+ Kf7 46.
Rhf6+ Kg7 47. Rxe3 Rxe3 48. Rf3 Re2+ 49. Kg3 Rd2 50. Kg4 Rxd5 51. Rf5 Rd4+ 52.
Kg5 a4 53. Rf4 Rd5+ 54. Kg4 Ra5 {(=)} 55. Kf3 Kg6 56. Ke3 Kg5 57. h4+ Kh5 58.
Kd3 Ra7 59. Kc3 Rc7+ 60. Kb4 Re7 61. Kxa4 Re5 62. Kb4 Kh6 63. a4 Kg6 64. a5 Kh5
65. Rc4 Re1 66. Kb5 Rb1+ 67. Rb4 Rf1 68. a6 Rf5+ 69. Kb6 Rf6+ 70. Ka5 1-0

[Event "29. Erfurter Schachfestival 2019 - Meis"]
[Site "Erfurt"]
[Date "2019.12.27"]
[Round "2.9"]
[White "Miszler, Levente"]
[Black "Wichmann, Cliff"]
[Result "1/2-1/2"]
[WhiteElo "2167"]
[BlackElo "2298"]
[PlyCount "26"]
[EventDate "2019.12.26"]

1. Nf3 d5 2. c4 e6 3. g3 Nf6 4. Bg2 Be7 5. O-O O-O 6. d4 dxc4 7. Qc2 b6 8. Nbd2
Bb7 9. Nxc4 Be4 10. Qb3 Nbd7 11. Rd1 Qc8 12. Nfe5 Bxg2 13. Kxg2 c5 1/2-1/2

[Event "29. Erfurter Schachfestival 2019 - Meis"]
[Site "Erfurt"]
[Date "2019.12.27"]
[Round "2.10"]
[White "Eckardt, Joshua"]
[Black "Arnhold, Steffi"]
[Result "1-0"]
[WhiteElo "2277"]
[BlackElo "2018"]
[PlyCount "99"]
[EventDate "2019.12.26"]

1. d4 Nf6 2. c4 c5 3. d5 b5 4. Qc2 d6 5. e4 bxc4 6. Bxc4 g6 7. Nf3 Bg7 8. O-O
O-O 9. h3 Nbd7 10. Re1 Nb6 11. Bf1 e6 12. dxe6 Bxe6 13. Bg5 Qc7 14. Nc3 Rfe8
15. Rad1 a6 16. Qc1 Qc6 17. Qf4 Nbd7 18. Rxd6 Qb7 19. e5 Nh5 20. Qd2 Bf8 21.
Rd3 c4 22. Rd4 Bc5 23. Rh4 Rab8 24. Bxc4 Qxb2 25. Rd1 Qxd2 26. Rxd2 Nb6 27.
Bxa6 Ra8 28. Bb5 Rec8 29. Ne4 Bf8 30. g4 h6 31. gxh5 hxg5 32. Nf6+ Kg7 33. h6+
Kh8 34. Nxg5 Rxa2 35. Rxa2 Bxa2 36. Be8 Rc7 37. h7 Re7 38. Re4 Bg7 39. Bc6 Rc7
40. Rd4 Rc8 41. Bb7 Rf8 42. f4 Rb8 43. Rd6 Bf8 44. Bd5 Bxd5 45. Rxd5 Kg7 46.
Rb5 Rc8 47. Nxf7 Kxf7 48. h8=Q Bc5+ 49. Rxc5 Rxh8 50. Rc7+ 1-0

[Event "29. Erfurter Schachfestival 2019 - Meis"]
[Site "Erfurt"]
[Date "2019.12.27"]
[Round "2.11"]
[White "Schupp, Uwe"]
[Black "Schulz, Karsten"]
[Result "1/2-1/2"]
[WhiteElo "2098"]
[BlackElo "2267"]
[PlyCount "40"]
[EventDate "2019.12.26"]

1. Nf3 g6 2. g3 Bg7 3. Bg2 Nf6 4. c4 c6 5. O-O O-O 6. b3 Ne4 7. d4 d5 8. Bb2
Bf5 9. Nbd2 Nd7 10. Nh4 Nxd2 11. Qxd2 Be6 12. cxd5 cxd5 13. Qb4 Nb6 14. a4 a5
15. Qd2 Nc8 16. Rfc1 Nd6 17. Rc2 Qb6 18. Qe3 Rfc8 19. Rac1 Qd8 20. Ba3 Rxc2
1/2-1/2

[Event "29. Erfurter Schachfestival 2019 - Meis"]
[Site "Erfurt"]
[Date "2019.12.27"]
[Round "2.12"]
[White "Stabolewski, Andreas"]
[Black "Weishäutel, Moritz"]
[Result "1/2-1/2"]
[WhiteElo "2092"]
[BlackElo "2231"]
[PlyCount "74"]
[EventDate "2019.12.26"]

1. Nf3 c5 2. c4 Nc6 3. d4 cxd4 4. Nxd4 Nf6 5. Nc3 e6 6. a3 Be7 7. e4 O-O 8. Nf3
Qc7 9. Be2 b6 10. O-O Bb7 11. Bg5 h6 12. Be3 d6 13. Nd2 Rfd8 14. Rc1 Rac8 15.
b4 Qb8 16. Qb3 Ne5 17. h3 Qa8 18. Qb1 d5 19. cxd5 exd5 20. exd5 Nxd5 21. Nxd5
Bxd5 22. Qf5 Rxc1 23. Rxc1 Bf6 24. Bf1 Ng6 25. Rc7 Bxg2 26. Bc4 Ne5 27. Bb3 Bb7
28. f3 Rxd2 29. Bxf7+ Nxf7 30. Bxd2 Ne5 31. Bxh6 Nxf3+ 32. Kf2 Bh4+ 33. Kf1
Ba6+ 34. b5 Nh2+ 35. Kg1 Nf3+ 36. Kf1 Nh2+ 37. Kg1 Nf3+ 1/2-1/2

[Event "29. Erfurter Schachfestival 2019 - Meis"]
[Site "Erfurt"]
[Date "2019.12.27"]
[Round "2.13"]
[White "Böhm, Christian"]
[Black "Kaiser, Dieter"]
[Result "0-1"]
[WhiteElo "2090"]
[BlackElo "2228"]
[PlyCount "94"]
[EventDate "2019.12.26"]

1. e4 c5 2. Nf3 e6 3. d3 Nc6 4. g3 d5 5. Nbd2 Bd6 6. Bg2 Nge7 7. O-O O-O 8.
exd5 exd5 9. d4 c4 10. Re1 Bf5 11. c3 Qc7 12. b3 b5 13. a4 b4 14. bxc4 bxc3 15.
c5 cxd2 16. Bxd2 Be4 17. cxd6 Qxd6 18. Bf4 Qb4 19. Bd2 Qb2 20. Qc1 Rab8 21. Bc3
Qxc1 22. Raxc1 f6 23. Re2 Rfc8 24. Rb2 Kf7 25. Re1 Rxb2 26. Bxb2 Nb4 27. Ba3
Nc2 28. Bc5 Nxe1 29. Nxe1 Bxg2 30. Kxg2 Rb8 31. Nd3 Rb3 32. Nb4 a5 33. Na6 Rb2
34. Nc7 Ra2 35. Bxe7 Kxe7 36. Nxd5+ Kd7 37. Kf3 Kd6 38. Ne3 Rxa4 39. Ke4 g6 40.
g4 Ra2 41. h4 a4 42. Nc4+ Kc6 43. g5 Rxf2 44. gxf6 Rxf6 45. Ke5 Rf5+ 46. Ke6
Rd5 47. Ne5+ Rxe5+ 0-1

[Event "29. Erfurter Schachfestival 2019 - Meis"]
[Site "Erfurt"]
[Date "2019.12.27"]
[Round "2.14"]
[White "Neukirchner, Pascal"]
[Black "Pellicoro, Fabian"]
[Result "1-0"]
[WhiteElo "2224"]
[BlackElo "1889"]
[PlyCount "39"]
[EventDate "2019.12.26"]

1. d4 d6 2. e4 Nf6 3. Nc3 e5 4. Nf3 Nbd7 5. Be2 Be7 6. O-O O-O 7. Re1 c6 8. a4
a5 9. h3 exd4 10. Qxd4 Nc5 11. Be3 Qc7 12. Bc4 Nfxe4 13. Nxe4 Nxe4 14. Qxe4 d5
15. Bf4 Bd6 16. Bxd6 Qxd6 17. Qd3 Qf6 18. Bb3 Qxb2 19. Ne5 Be6 20. Ra2 1-0

[Event "29. Erfurter Schachfestival 2019 - Meis"]
[Site "Erfurt"]
[Date "2019.12.27"]
[Round "2.15"]
[White "Köhler, Lukas"]
[Black "Schmitzer, Klaus"]
[Result "0-1"]
[WhiteElo "2071"]
[BlackElo "2217"]
[Annotator "Ruether,Rudolf"]
[PlyCount "144"]
[EventDate "2019.12.26"]

1. e4 c6 2. d4 d5 3. Nc3 dxe4 4. Nxe4 Nf6 5. Nxf6+ gxf6 6. c3 Bf5 7. Nf3 Nd7 8.
g3 Qb6 9. Bg2 Qa6 10. Bf1 Qb6 11. Qe2 a5 12. Be3 a4 13. Bg2 Qa6 14. c4 Nb6 15.
Rc1 Bg7 16. O-O O-O 17. Nh4 Bg6 18. f4 f5 19. g4 e6 20. h3 Rfd8 21. Rfd1 Nd5
22. Nf3 Nxe3 {(=)} 23. Qxe3 Qb6 24. Rd2 Qb4 25. a3 Qb6 26. Rcd1 fxg4 27. hxg4
Qb3 28. Qxb3 axb3 29. Ne1 {(=)} Ra4 30. Bf1 h5 31. g5 Bf5 32. Kf2 b5 33. cxb5
Raxd4 34. Nf3 Rxd2+ 35. Rxd2 Rxd2+ 36. Nxd2 cxb5 37. Bxb5 Bxb2 38. Nxb3 Bxa3
39. Kg3 Bb4 40. Bc6 Be1+ 41. Kg2 Bc3 42. Nc1 Bd2 43. Ne2 h4 44. Kf3 Kg7 45. Nd4
Bh3 46. Be4 Kf8 47. Ne2 Bf1 48. Ng1 h3 49. Kf2 h2 50. Kxf1 hxg1=Q+ 51. Kxg1
Bxf4 52. g6 f5 53. Bc6 Bh6 54. Kg2 Ke7 55. Kf3 Kf6 56. Be8 e5 57. Ke2 e4 58.
Kf2 Ke5 59. Bc6 f4 60. Ke2 f3+ 61. Kf1 Kf4 62. Bb5 Bg7 63. Bc4 e3 64. Bb5 Bf8
65. Bc4 Ke4 66. Ba6 Kd4 67. Bb5 Kc3 68. Bc6 e2+ 69. Ke1 Kd3 70. g7 Bxg7 71.
Bb5+ Ke3 72. Bxe2 Bc3+ 0-1

[Event "29. Erfurter Schachfestival 2019 - Meis"]
[Site "Erfurt"]
[Date "2019.12.27"]
[Round "2.16"]
[White "Osmanodja, Filiz"]
[Black "Diener, Carolin Valeria"]
[Result "1-0"]
[WhiteElo "2214"]
[BlackElo "1864"]
[PlyCount "75"]
[EventDate "2019.12.26"]

1. e4 e5 2. Nf3 Nc6 3. Bb5 a6 4. Ba4 Nf6 5. Nc3 d6 6. Bxc6+ bxc6 7. d4 exd4 8.
Nxd4 Bb7 9. Qf3 g6 10. Bg5 Bg7 11. O-O-O c5 12. Nb3 h6 13. Bh4 g5 14. Nxc5 Bc6
15. Bg3 Qb8 16. Nb3 O-O 17. Nd4 Bb7 18. Nf5 Re8 19. Nxg7 Kxg7 20. Rhe1 Bc6 21.
h4 g4 22. Qd3 Qb7 23. e5 dxe5 24. Bxe5 Re6 25. Qf5 Qb4 26. a3 Qe7 27. Qxg4+ Kh7
28. Qf5+ Kg7 29. g4 Re8 30. g5 Rxe5 31. gxf6+ Qxf6 32. Rg1+ Qg6 33. Rxg6+ fxg6
34. Qd3 R5e6 35. h5 Rd6 36. Qxa6 Ree6 37. Rxd6 Rxd6 38. Qc8 1-0

[Event "29. Erfurter Schachfestival 2019 - Meis"]
[Site "Erfurt"]
[Date "2019.12.27"]
[Round "2.18"]
[White "Franke, Luca"]
[Black "Lagunow, Raphael"]
[Result "0-1"]
[WhiteElo "1880"]
[BlackElo "2424"]
[PlyCount "102"]
[EventDate "2019.12.26"]

1. d4 d5 2. c4 e6 3. Nf3 Nf6 4. g3 dxc4 5. Bg2 Bb4+ 6. Bd2 a5 7. a3 Bxd2+ 8.
Nbxd2 b5 9. a4 c6 10. O-O O-O 11. Qc2 Nd5 12. e4 Nb4 13. Qc3 Ba6 14. Rfd1 Nd3
15. Qc2 Nd7 16. b3 Nf6 17. Rab1 Nb4 18. Qc1 Ng4 19. Qc3 cxb3 20. Nxb3 bxa4 21.
Nc5 Bb5 22. Ra1 Qe7 23. h3 Nf6 24. Ne5 Rfd8 25. Nc4 Bxc4 26. Qxc4 Nd7 27. Nxa4
e5 28. d5 cxd5 29. exd5 Qd6 30. Rac1 h6 31. Qc7 Nf6 32. Qxd6 Rxd6 33. Rc5 e4
34. Nc3 a4 35. Rc4 Nbxd5 36. Nxe4 Nxe4 37. Bxe4 a3 38. Kh2 a2 39. Ra1 f5 40.
Bxf5 Rf8 41. g4 g6 42. Bxg6 Rxg6 43. Rxa2 Rgf6 44. Kg3 Rf3+ 45. Kg2 Rd3 46. h4
Nf4+ 47. Kg1 Rh3 48. h5 Rf3 49. Rc6 Re8 50. Ra1 Nh3+ 51. Kg2 Rxf2+ 0-1

[Event "29. Erfurter Schachfestival 2019 - Meis"]
[Site "Erfurt"]
[Date "2019.12.27"]
[Round "2.19"]
[White "Dehmel, Jens (R2)"]
[Black "Langheinrich, Ferenc"]
[Result "1/2-1/2"]
[WhiteElo "2045"]
[BlackElo "2378"]
[PlyCount "118"]
[EventDate "2019.12.26"]

1. d4 Nf6 2. c4 g6 3. Nc3 Bg7 4. e4 d6 5. Nf3 O-O 6. Be2 e5 7. O-O Na6 8. Re1
exd4 9. Nxd4 Nc5 10. Bf1 Ng4 11. h3 Nf6 12. b4 Ncd7 13. Be3 a5 14. a3 axb4 15.
axb4 Rxa1 16. Qxa1 c5 17. bxc5 dxc5 18. Ndb5 Nxe4 19. Qa3 Nxc3 20. Nxc3 Bd4 21.
Bxd4 cxd4 22. Nb5 Qf6 23. Qd3 Nc5 24. Qxd4 Qxd4 25. Nxd4 Rd8 26. Nb5 Be6 27.
Rb1 Rd2 28. Nc7 Bd7 29. Nd5 Kg7 30. Ne3 Bc6 31. Rc1 Ra2 32. f3 h5 33. Rc2 Ra3
34. Kf2 h4 35. Nd5 f5 36. Rd2 g5 37. Ne7 f4 38. Nxc6 bxc6 39. Rd6 Ra2+ 40. Ke1
Ra1+ 41. Kf2 Ra6 42. Bd3 Ra2+ 43. Kf1 Rd2 44. Rg6+ Kf7 45. Bf5 Nb3 46. Rxc6 Nd4
47. Rc5 Rd1+ 48. Kf2 Rd2+ 49. Ke1 Rxg2 50. Bg4 Nc2+ 51. Kd1 Ne3+ 52. Ke1 Kf6
53. Rc6+ Ke5 54. Rc5+ Kd6 55. Rxg5 Nxc4 56. Rf5 Ne5 57. Kf1 Rg3 58. Rxf4 Nxg4
59. hxg4 h3 1/2-1/2

[Event "29. Erfurter Schachfestival 2019 - Meis"]
[Site "Erfurt"]
[Date "2019.12.27"]
[Round "2.20"]
[White "Paul, Johannes"]
[Black "Easwaralingam, Adesh"]
[Result "1-0"]
[WhiteElo "2374"]
[BlackElo "2045"]
[PlyCount "99"]
[EventDate "2019.12.26"]

1. d4 Nf6 2. c4 e6 3. Nc3 Bb4 4. Bg5 h6 5. Bh4 c5 6. d5 Bxc3+ 7. bxc3 d6 8. e3
e5 9. Qc2 g5 10. Bg3 e4 11. h4 g4 12. Rb1 Qe7 13. h5 Nbd7 14. Bf4 Kf8 15. Ne2
Ne8 16. Ng3 Ndf6 17. Be2 Ng7 18. Qb3 Qc7 19. Bd1 Qe7 20. Bc2 b6 21. Qa4 Bb7 22.
Kd2 Kg8 23. Qb5 Rd8 24. a4 Bc8 25. a5 Bd7 26. Qb3 Rb8 27. Qa2 Bc8 28. Rb3 Nf5
29. axb6 axb6 30. Qb1 Nxg3 31. Bxg3 Ba6 32. Rxb6 Rxb6 33. Qxb6 Bxc4 34. Qxd6
Qxd6 35. Bxd6 Kg7 36. Bxc5 Bxd5 37. Bd4 Rd8 38. Rh4 Be6 39. Kc1 Bf5 40. c4 Rd6
41. Bb3 Kf8 42. Kb2 Nd7 43. Rh1 Rc6 44. Ra1 Rc8 45. Kc3 Be6 46. Ra5 Rb8 47. Rb5
Rc8 48. c5 Bxb3 49. Kxb3 Nb8 50. Kc4 1-0

[Event "29. Erfurter Schachfestival 2019 - Meis"]
[Site "Erfurt"]
[Date "2019.12.27"]
[Round "2.21"]
[White "Falk, Kristoffer (R2)"]
[Black "Derichs, Roger"]
[Result "1-0"]
[WhiteElo "2042"]
[BlackElo "2311"]
[PlyCount "95"]
[EventDate "2019.12.26"]

1. d4 e6 2. c4 f5 3. g3 Nf6 4. Bg2 d5 5. Nf3 c6 6. O-O Bd6 7. Qc2 O-O 8. Nc3
Qe7 9. Ne5 Nbd7 10. Bf4 Bxe5 11. dxe5 Ng4 12. cxd5 exd5 13. Bxd5+ cxd5 14. Nxd5
Qd8 15. e6 Nb6 16. e7 Qxd5 17. Rfd1 Qf7 18. exf8=Q+ Qxf8 19. Qb3+ Kh8 20. Bc7
Nd7 21. Rac1 Ngf6 22. Bd6 Qe8 23. Qf3 Qe6 24. Ba3 h6 25. Rd6 Qe5 26. Rd2 Kh7
27. b3 Ne4 28. Rdc2 Nb6 29. Bb2 Qe6 30. Rc7 Nf6 31. Bxf6 Qxf6 32. e4 Qg6 33.
exf5 Bxf5 34. Re1 Bg4 35. Qxb7 Rg8 36. Qe4 Bf5 37. Qd4 Nc8 38. a4 Rf8 39. Qc5
Rd8 40. a5 Nd6 41. Rxa7 Ne4 42. Rxg7+ Kxg7 43. Qe7+ Qf7 44. Qxd8 Qb7 45. Qb6
Qd5 46. a6 Nd6 47. a7 Be4 48. a8=Q 1-0

[Event "29. Erfurter Schachfestival 2019 - Meis"]
[Site "Erfurt"]
[Date "2019.12.27"]
[Round "2.22"]
[White "Kuznecovs, Nikita"]
[Black "Mucha, Annegret (R2)"]
[Result "1-0"]
[WhiteElo "2306"]
[BlackElo "2041"]
[Annotator "Ruether,Rudolf"]
[PlyCount "77"]
[EventDate "2019.12.26"]

1. d4 Nf6 2. Nf3 b6 3. Bg5 Bb7 4. Bxf6 Bxf3 5. Bxg7 Bxe2 6. Bxe2 Bxg7 7. Bf3 c6
8. O-O d5 9. Nc3 O-O 10. Ne2 Nd7 11. Ng3 e5 12. dxe5 Nxe5 13. Be2 Ng6 14. c3
Nf4 15. Bd3 Qg5 16. Qc2 h5 17. h4 Qxh4 18. Nf5 Qg5 19. g3 Rfe8 20. Rae1 Re6 21.
Qc1 Rae8 22. Rxe6 Nxe6 23. Qxg5 Nxg5 24. Kg2 c5 {(=)} 25. Rh1 c4 26. Bf1 Ne4
27. Rxh5 Bf8 28. Ne3 Nxf2 29. Nxd5 Ne4 30. Bxc4 Kg7 31. Nf4 Bd6 32. Rf5 f6 33.
Rd5 Bc5 34. Rd7+ Kh6 35. Bd3 a5 36. b4 axb4 37. cxb4 Bxb4 38. Rd4 Nxg3 39. Rxb4
1-0

[Event "29. Erfurter Schachfestival 2019 - Meis"]
[Site "Erfurt"]
[Date "2019.12.27"]
[Round "2.23"]
[White "Hartge, Gedeon"]
[Black "Schmitt, Michael (R2)"]
[Result "0-1"]
[WhiteElo "2239"]
[BlackElo "2025"]
[PlyCount "72"]
[EventDate "2019.12.26"]

1. d4 e6 2. c4 d5 3. Nc3 c5 4. cxd5 cxd4 5. Qa4+ Bd7 6. Qxd4 exd5 7. Qxd5 Nc6
8. Nf3 Nf6 9. Qd1 Bc5 10. e3 Qe7 11. Be2 O-O-O 12. O-O g5 13. b4 Bxb4 14. Bb2
Rhg8 15. Rc1 Kb8 16. Nb5 g4 17. Nfd4 Ne4 18. Qc2 h5 19. Bd3 Nd2 20. Rfd1 Nf3+
21. Kh1 Nfxd4 22. Nxd4 h4 23. Be4 Rc8 24. Nxc6+ Bxc6 25. Bxc6 Rxc6 26. Qf5 Rxc1
27. Rxc1 g3 28. Bf6 Qe8 29. Qf4+ Ka8 30. Qxb4 gxf2 31. Qc5 h3 32. Bg5 f6 33.
Qf5 hxg2+ 34. Kxg2 Rxg5+ 35. Qxg5 fxg5 36. Kxf2 a6 0-1

[Event "29. Erfurter Schachfestival 2019 - Meis"]
[Site "Erfurt"]
[Date "2019.12.27"]
[Round "2.24"]
[White "Petri, Wolfgang (R2)"]
[Black "Schmücker, Marcus"]
[Result "0-1"]
[WhiteElo "2023"]
[BlackElo "2210"]
[PlyCount "78"]
[EventDate "2019.12.26"]

1. d4 Nf6 2. c4 e6 3. Nf3 b6 4. g3 c6 5. Bg2 Be7 6. O-O O-O 7. Nc3 d5 8. Ne5
Ba6 9. b3 Nfd7 10. Nxd7 Nxd7 11. cxd5 cxd5 12. Bb2 Rc8 13. Qd2 Nf6 14. Rfc1 Qd7
15. Rc2 Rc7 16. Rac1 Rfc8 17. h4 h6 18. Nb1 Ne4 19. Rxc7 Rxc7 20. Rxc7 Qxc7 21.
Bxe4 dxe4 22. Nc3 Bb7 23. d5 Qd8 24. Nxe4 Qxd5 25. Qxd5 Bxd5 26. Nd2 Bb4 27.
Nb1 f6 28. Nc3 Bc6 29. Kf1 h5 30. f3 Kf7 31. e4 e5 32. Ke2 Ke6 33. Ke3 Bc5+ 34.
Ke2 g5 35. hxg5 fxg5 36. Bc1 Bd4 37. Kd3 h4 38. gxh4 gxh4 39. Be3 h3 0-1

[Event "29. Erfurter Schachfestival 2019 - Meis"]
[Site "Erfurt"]
[Date "2019.12.27"]
[Round "2.25"]
[White "Ortmeier, Leonhard"]
[Black "Farokhi, Keyvan"]
[Result "1-0"]
[WhiteElo "2208"]
[BlackElo "2023"]
[Annotator "Ruether,Rudolf"]
[PlyCount "83"]
[EventDate "2019.12.26"]

1. Nf3 c5 2. c4 Nc6 3. d4 cxd4 4. Nxd4 e6 5. g3 Bc5 6. Nb3 Bb4+ 7. Bd2 Bxd2+ 8.
Qxd2 Nf6 9. Bg2 d5 10. cxd5 Nxd5 11. O-O O-O 12. Nc3 Nxc3 13. Qxc3 Bd7 14. Nc5
Qc7 15. Nxd7 Qxd7 16. Rfd1 Qc7 17. Rac1 Rac8 18. Bxc6 bxc6 19. Qc5 g6 20. Rd6
Rfd8 21. Rcd1 Rxd6 22. Qxd6 Qxd6 23. Rxd6 Rc7 24. f4 Kf8 25. Kf2 Ke7 26. Rd2 e5
{(=)} 27. b3 exf4 28. gxf4 f5 29. e4 fxe4 30. Ke3 Rd7 31. Rxd7+ Kxd7 32. Kxe4
Ke6 33. b4 h5 34. a4 h4 35. h3 Kf6 36. Kf3 Kf5 37. b5 cxb5 38. axb5 Ke6 39. Kg4
Kd5 40. Kxh4 Kc5 41. Kg5 Kxb5 42. f5 1-0

[Event "29. Erfurter Schachfestival 2019 - Meis"]
[Site "Erfurt"]
[Date "2019.12.27"]
[Round "2.26"]
[White "Kolb, Tobias"]
[Black "Schenk, Stefan (R2)"]
[Result "1/2-1/2"]
[WhiteElo "2185"]
[BlackElo "2009"]
[PlyCount "138"]
[EventDate "2019.12.26"]

1. e4 c5 2. Nc3 Nc6 3. g3 g6 4. Bg2 Bg7 5. d3 e6 6. Be3 Nd4 7. Nce2 Ne7 8. c3
Nxe2 9. Nxe2 d6 10. Qd2 h5 11. d4 c4 12. h3 Qc7 13. O-O Bd7 14. b3 Rc8 15. Rab1
b6 16. Rfe1 e5 17. f4 O-O 18. Rbd1 Be6 19. fxe5 d5 20. exd5 Bxd5 21. b4 Bxg2
22. Kxg2 Nf5 23. Bg5 a5 24. bxa5 bxa5 25. Rb1 Rb8 26. Bf4 Qc6+ 27. Kh2 Qd5 28.
Ng1 Rb5 29. Qg2 Qxg2+ 30. Kxg2 Rfb8 31. Rxb5 Rxb5 32. Re2 Ne7 33. Nf3 Nd5 34.
Rc2 a4 35. Bc1 Kh7 36. Kf2 Bf8 37. Nd2 Nb6 38. Rb2 Rxb2 39. Bxb2 a3 40. Bc1 Kg7
41. Nb1 Nd5 42. Bxa3 Bxa3 43. Nxa3 Nxc3 44. Nxc4 Nxa2 45. Ke3 Nb4 46. Nb6 Kf8
47. d5 Ke7 48. Kd4 Nc2+ 49. Kc5 Ne3 50. Kc6 Kd8 51. Na4 Nc4 52. e6 fxe6 53.
dxe6 Ke7 54. Kd5 Ne3+ 55. Ke5 Nf1 56. Nc3 Nxg3 57. Nd5+ Ke8 58. Kf6 Ne4+ 59.
Kxg6 h4 60. Nf6+ Nxf6 61. Kxf6 Kf8 62. Kf5 Ke7 63. Ke5 Ke8 64. Kd6 Kd8 65. Kd5
Ke7 66. Ke5 Ke8 67. Kf5 Ke7 68. Kg5 Kxe6 69. Kxh4 Kf7 1/2-1/2

[Event "29. Erfurter Schachfestival 2019 - Meis"]
[Site "Erfurt"]
[Date "2019.12.27"]
[Round "2.27"]
[White "Linnemann, Niklas"]
[Black "Zimmermann, René"]
[Result "1-0"]
[WhiteElo "2007"]
[BlackElo "2184"]
[PlyCount "71"]
[EventDate "2019.12.26"]

1. e4 e6 2. d4 d5 3. Nd2 Nf6 4. e5 Nfd7 5. Bd3 c5 6. c3 Nc6 7. Ne2 cxd4 8. cxd4
f6 9. exf6 Nxf6 10. Nf3 Bd6 11. O-O Qc7 12. h3 O-O 13. Be3 Bd7 14. Rc1 Rae8 15.
Qc2 Re7 16. a3 Be8 17. Ng5 h6 18. Nh7 Nxh7 19. Bxh7+ Kh8 20. Bg6 Rf6 21. Bxe8
Rxe8 22. f4 Ref8 23. g3 Qf7 24. Kg2 a6 25. Ng1 Ne7 26. Rf3 Nf5 27. Qf2 Qg6 28.
Kh2 h5 29. Ne2 Nh6 30. Bd2 Qh7 31. Kg2 Nf7 32. Bb4 Bxb4 33. axb4 Ng5 34. fxg5
Rxf3 35. Qxf3 Rxf3 36. Rc8+ 1-0

[Event "29. Erfurter Schachfestival 2019 - Meis"]
[Site "Erfurt"]
[Date "2019.12.27"]
[Round "2.28"]
[White "Bajorski, Marius (R2)"]
[Black "Wong, Gengchun"]
[Result "0-1"]
[WhiteElo "1994"]
[BlackElo "2180"]
[PlyCount "52"]
[EventDate "2019.12.26"]

1. e4 c5 2. Nf3 d6 3. Bb5+ Nd7 4. O-O Ngf6 5. Re1 a6 6. Bd3 g6 7. a4 Bg7 8. c3
O-O 9. Na3 Rb8 10. Bc2 e5 11. h3 Re8 12. d4 exd4 13. cxd4 cxd4 14. Nxd4 Nc5 15.
f3 Nh5 16. Be3 Qh4 17. Rb1 Bxh3 18. gxh3 Qg3+ 19. Kf1 Qxh3+ 20. Kg1 Qg3+ 21.
Kh1 Nf4 22. Qd2 Re5 23. Nf5 Qxf3+ 24. Kh2 Qh5+ 25. Kg3 Qh3+ 26. Kxf4 Ne6# 0-1

[Event "29. Erfurter Schachfestival 2019 - Meis"]
[Site "Erfurt"]
[Date "2019.12.27"]
[Round "2.29"]
[White "Sobolevsky, Leonid"]
[Black "Maiwald, Harald"]
[Result "1-0"]
[WhiteElo "2178"]
[BlackElo "2005"]
[PlyCount "81"]
[EventDate "2019.12.26"]

1. e4 c5 2. Nf3 Nc6 3. Nc3 g6 4. d4 cxd4 5. Nxd4 Bg7 6. Be3 Nf6 7. h3 O-O 8.
Nb3 d6 9. Qd2 a6 10. a4 b6 11. f4 Rb8 12. g4 b5 13. axb5 axb5 14. g5 b4 15.
gxf6 bxc3 16. Qxc3 Bxf6 17. Qxc6 Bb7 18. Qc4 d5 19. Qd3 e5 20. O-O-O exf4 21.
Bxf4 Bxb2+ 22. Kxb2 Qf6+ 23. Qd4 Qxf4 24. exd5 Qf3 25. Bc4 Bc8 26. Rdf1 Qg2 27.
h4 Qg4 28. Qxg4 Bxg4 29. Rhg1 f5 30. Re1 Rfc8 31. Be2 Bxe2 32. Rxe2 Rc5 33. Rd1
Rc4 34. d6 Kf7 35. Re7+ Kf6 36. Rxh7 Rbc8 37. d7 Rd8 38. Re1 Rc7 39. Nd4 Rb7+
40. Kc1 Rb6 41. Re8 1-0

[Event "29. Erfurter Schachfestival 2019 - Meis"]
[Site "Erfurt"]
[Date "2019.12.27"]
[Round "2.30"]
[White "Hundack, Rolf"]
[Black "Krause, Maximilian"]
[Result "0-1"]
[WhiteElo "2163"]
[BlackElo "1992"]
[PlyCount "92"]
[EventDate "2019.12.26"]

1. b3 a5 2. Bb2 Nf6 3. f4 e6 4. Nf3 a4 5. bxa4 Rxa4 6. e3 Be7 7. Bd3 Ra8 8. O-O
d5 9. Ne5 O-O 10. Rf3 b6 11. Rh3 g6 12. g4 Ne4 13. g5 f6 14. Ng4 e5 15. Bxe4
dxe4 16. fxe5 fxg5 17. Rg3 Nc6 18. Qe2 Ba6 19. c4 Na5 20. Nf6+ Bxf6 21. exf6
Nxc4 22. Bc3 Ne5 23. Qg2 Qxf6 24. Bxe5 Qxe5 25. Nc3 Bd3 26. Rxg5 Rf5 27. Rxf5
Qxf5 28. Qg3 Rf8 29. a4 Rf7 30. Qh4 g5 31. Qg3 h5 32. Qg2 g4 33. Ne2 Bxe2 34.
Qxe2 h4 35. Rb1 Qf3 36. Qg2 Kf8 37. Qxf3 exf3 38. Rb4 g3 39. hxg3 hxg3 40. Rg4
g2 41. Kf2 Rg7 42. Rxg7 Kxg7 43. d4 Kf6 44. e4 Kg5 45. e5 Kf5 46. Kg1 c5 0-1

[Event "29. Erfurter Schachfestival 2019 - Meis"]
[Site "Erfurt"]
[Date "2019.12.27"]
[Round "2.31"]
[White "Berberich, Christoph"]
[Black "Wiley, Tom E"]
[Result "1/2-1/2"]
[WhiteElo "1988"]
[BlackElo "2159"]
[PlyCount "70"]
[EventDate "2019.12.26"]

1. d4 f5 2. g3 Nf6 3. Bg2 g6 4. b3 Bg7 5. Bb2 O-O 6. c4 d6 7. d5 Na6 8. Nd2 e5
9. dxe6 c6 10. Ngf3 Nc5 11. b4 Nxe6 12. e3 Qe7 13. Qb3 Kh8 14. O-O Bd7 15. Rae1
Ne4 16. h4 Nxd2 17. Nxd2 Rad8 18. Rd1 h6 19. Nf3 Be8 20. Bxg7+ Kxg7 21. Nd4 g5
22. Qc3 Kg6 23. Nxe6 Qxe6 24. Rd4 Bf7 25. hxg5 hxg5 26. Qd3 Kf6 27. Rd1 Ke7 28.
a4 Qf6 29. Qd2 Bh5 30. Rb1 Rd7 31. e4 fxe4 32. Rxe4+ Kd8 33. Rbe1 Re8 34. Rxe8+
Bxe8 35. b5 c5 1/2-1/2

[Event "29. Erfurter Schachfestival 2019 - Meis"]
[Site "Erfurt"]
[Date "2019.12.27"]
[Round "2.32"]
[White "Hillmann, Michael"]
[Black "Nguyen, Ha Thanh (R2)"]
[Result "0-1"]
[WhiteElo "2144"]
[BlackElo "1984"]
[PlyCount "78"]
[EventDate "2019.12.26"]

1. Nf3 Nf6 2. c4 g6 3. g3 Bg7 4. d4 d5 5. cxd5 Nxd5 6. Bg2 Nb6 7. O-O O-O 8.
Nc3 Nc6 9. e3 Bg4 10. h3 Bd7 11. Kh2 Qc8 12. e4 Rd8 13. d5 Na5 14. Bg5 Re8 15.
Rc1 e6 16. b3 Qb8 17. Qd2 Nc8 18. dxe6 Bxe6 19. Nb5 Nc6 20. Bf4 Nd6 21. Nxc7
Qxc7 22. Bxd6 Qd7 23. Bf4 Rad8 24. Qxd7 Bxd7 25. Rfd1 Bc8 26. Rxd8 Rxd8 27. Be3
a6 28. Bc5 Bh6 29. Rc2 Rd1 30. Nh4 Be6 31. f4 Nd4 32. Rf2 Bd7 33. e5 Ne6 34.
Bb6 Bf8 35. Bxb7 Bb5 36. Ng2 Bb4 37. Ne3 Rc1 38. Nc4 Nc5 39. Re2 Nxb7 0-1

[Event "29. Erfurter Schachfestival 2019 - Meis"]
[Site "Erfurt"]
[Date "2019.12.27"]
[Round "2.33"]
[White "Cordes, Klaus"]
[Black "Guenther, Thomas"]
[Result "1/2-1/2"]
[WhiteElo "2118"]
[BlackElo "1980"]
[PlyCount "111"]
[EventDate "2019.12.26"]

1. d4 Nf6 2. Nf3 e6 3. c4 b6 4. g3 Bb7 5. Bg2 Be7 6. O-O O-O 7. d5 exd5 8. Nh4
c6 9. cxd5 Nxd5 10. Nf5 Nc7 11. Nc3 d5 12. e4 Bf6 13. exd5 cxd5 14. Bf4 Nba6
15. Rc1 Qd7 16. Bh3 Ne6 17. Bd6 Rfd8 18. Nxd5 Bxd5 19. Qxd5 Bxb2 20. Rc2 Bf6
21. Rd2 Rac8 22. Rfd1 Kh8 23. Bg2 Nac5 24. h4 Bc3 25. Rc2 Bf6 26. Bf3 Nd4 27.
Nxd4 Qxd6 28. Qxd6 Rxd6 29. Nb5 Rxd1+ 30. Bxd1 Rd8 31. Bf3 a6 32. Nc7 Rd3 33.
Kg2 Ra3 34. Nd5 Bd8 35. Nf4 g6 36. Re2 Kg7 37. Re8 Bf6 38. Bd5 Nd3 39. Nxd3
Rxd3 40. Bc4 Rd2 41. Re2 Rxe2 42. Bxe2 b5 43. f4 Kf8 44. h5 Ke7 45. hxg6 hxg6
46. Kf3 Bc3 47. Ke4 Kd6 48. Kd3 Be1 49. g4 f6 50. Bf3 Bg3 51. Be4 Bxf4 52. Bxg6
Be5 53. Kc2 a5 54. Kb3 Kc5 55. a4 b4 56. Bf5 1/2-1/2